|
|
|
|
| LEADER |
01302nam a22003372a 4500 |
| 001 |
000190091 |
| 003 |
CZ BrMZK |
| 005 |
20060928094808.0 |
| 007 |
ta |
| 008 |
010907s1990 xr f cze d |
| 015 |
|
|
|a cnb000056153
|
| 020 |
|
|
|a 80-03-00235-4
|
| 035 |
|
|
|a (OCoLC)39416691
|
| 040 |
|
|
|a BOA001
|b cze
|
| 080 |
|
|
|a 681.3 SMEP
|2 MRF
|
| 080 |
|
|
|a 681.3.068
|2 MRF
|
| 100 |
1 |
|
|a Dvořák, Stanislav
|7 jn19981000879
|4 aut
|
| 245 |
1 |
0 |
|a Programování v jazyku Asembler SMEP /
|c Stanislav Dvořák, Petr Nesvadba
|
| 250 |
|
|
|a 1. vyd.
|
| 260 |
|
|
|a Praha :
|b Státní nakladatelství technické literatury,
|c 1990
|
| 300 |
|
|
|a 319 s.
|
| 504 |
|
|
|a Obsahuje bibliografii
|
| 700 |
1 |
|
|a Nesvadba, Petr,
|c programátor
|4 aut
|
| 856 |
4 |
1 |
|u http://www.digitalniknihovna.cz/mzk/uuid/uuid:248019a0-9b9a-11e2-9a08-005056827e52
|y Digitalizovaný dokument
|x NDK
|
| 910 |
|
|
|a BOA001
|b TK-0245.139
|b 2-0958.863
|
| 964 |
|
|
|a SMEP
|
| 964 |
|
|
|a Asembler (jazyk programovací)
|
| 990 |
|
|
|a BK
|
| 996 |
7 |
|
|b 2619344102
|c 2-0958.863
|l MZK
|r Sklad / do 1 hodiny
|n 1
|w 000190091
|u 000030
|a 1
|e BOA001
|j MZK50
|s A
|
| 996 |
7 |
|
|b 2629969054
|c TK-0245.139
|l MZK
|r Sklad / do 24 hodin
|n 12
|w 000190091
|u 000020
|a 1
|e BOA001
|j MZK50
|s A
|
| 996 |
7 |
|
|b 2629991260
|c TK-0245.139
|l MZK
|r Sklad / do 24 hodin
|n 8
|w 000190091
|u 000010
|a 1
|e BOA001
|j MZK50
|s A
|